000 00350nam a22001457a 4500
003 MACL
005 20190824171017.0
008 190824b xxu||||| |||| 00| 0 eng d
040 _c MACL
100 _aSharma, S K
_976364
245 _aHistory of Education
260 _aDelhi
_bShika Pra
_c2017
650 _aEducation
_976365
942 _2ddc
_cBK
999 _c60821
_d60821